|
|
|
|
| LEADER |
00000cas a2200000 a 4500 |
| 001 |
035014 |
| 003 |
UAHC_CL |
| 005 |
20170803123818.0 |
| 008 |
120426b2010 xx j 000 1 spa |
| 022 |
|
|
|a 07187890
|
| 040 |
|
|
|a UAHC_CL
|c UAHC_CL
|d UAHC_CL
|
| 100 |
1 |
|
|a Gershman, Carl
|
| 245 |
1 |
0 |
|a Efervescencia en la Sociedad Civil /
|c Carl Gershman y Orlando Gutiérrez.
|
| 260 |
|
|
|a Santiago, Chile
|b Pontificia Universdiad Católica de Chile. Instituto de Ciencia Pol÷itica
|c 2010
|
| 300 |
|
|
|a p. 83-104
|
| 500 |
|
|
|a En: Journal of Democracy en español, v.2, 2010. ISBN 07187890. p. 83-104.
|
| 520 |
|
|
|a Hoy en día hay un movimiento de oposición cívica muy extendido en Cuba. A pesar de que funciona en un ambiente extremadamente represivo y tiene acceso a un espacio político muy limitado, ha desarrollado la capacidad, e incluso estructuras informales, para alcanzar a gran parte de la población. Está lejos de ser tan organizado y eficaz como lo fue el movimiento polaco Solidaridad durante su etapa clandestina a mediados de la década de 1980, pero la oposición cívica de Cuba es de hecho más grande en términos del número de agrupaciones que los movimientos democráticos de Europa del Este y la Unión Soviética dos décadas atrás.
|
| 700 |
1 |
|
|a Gutiérrez, Orlando
|
| 900 |
|
|
|a JOURNAL OF DEMOCRACY en español.-01/10
|
| 942 |
|
|
|c REV
|
| 952 |
|
|
|0 0
|1 0
|4 0
|6 JOURNAL_OF_DEMOCRACY_EN_ESPAÑOL_01_10_000000000000000
|7 0
|8 General
|9 66497
|a BC
|b BC
|c General
|d 2017-08-03
|l 0
|o JOURNAL OF DEMOCRACY en español.-01/10
|p 2053
|r 2019-01-15 00:00:00
|t 1
|w 2017-08-03
|y REV
|
| 999 |
|
|
|c 35014
|d 35014
|